书目信息 |
| 题名: |
刑事案件立案追诉量刑标准
|
|
| 作者: | ;公安部 编 | |
| 分册: | ||
| 出版信息: | 北京 中国人民公安大学出版社 2013 |
|
| 页数: | 20,823页 | |
| 开本: | 24cm | |
| 丛书名: | 中国公安执法规范化建设丛书 | |
| 单 册: | ||
| 中图分类: | D924.304 | |
| 科图分类: | ||
| 主题词: | 刑事犯罪--Xing Shi Fan Zui--立案--标准--中国 , 刑事犯罪--Xing Shi Fan Zui--量刑--标准--中国 | |
| 电子资源: | ||
| ISBN: | 978-7-5653-1312-7 | |
| 000 | 01033nam0 22002771 450 | |
| 001 | 350979 | |
| 005 | 20161011152207.98 | |
| 010 | @a978-7-5653-1312-7@dCNY140.00 | |
| 100 | @a20130725d2013 em y0chiy50 ea | |
| 101 | 0 | @achi |
| 102 | @aCN@b110000 | |
| 105 | @ay n 000yy | |
| 106 | @ar | |
| 200 | 1 | @a刑事案件立案追诉量刑标准@AXing Shi An Jian Li An Zhui Su Liang Xing Biao Zhun@e2013年版@f公安部法制局编 |
| 210 | @a北京@c中国人民公安大学出版社@d2013 | |
| 215 | @a20,823页@d24cm | |
| 225 | 2 | @a中国公安执法规范化建设丛书@AZhong Guo Gong An Zhi Fa Gui Fan Hua Jian She Cong Shu |
| 300 | @a国家出版基金项目 国家出版基金资助项目 | |
| 330 | @a本书对刑法分则规定的451个罪名的立案追诉量刑标准进行了系统整理。 | |
| 461 | 0 | @12001 @a中国公安执法规范化建设丛书 |
| 606 | 0 | @a刑事犯罪@AXing Shi Fan Zui@x立案@x标准@y中国 |
| 606 | 0 | @a刑事犯罪@AXing Shi Fan Zui@x量刑@x标准@y中国 |
| 690 | @aD924.304@v5 | |
| 711 | 02 | @a公安部@AGong An Bu@b法制局@4编 |
| 801 | 0 | @aCN@bTANGWEI@c20160811 |
| 905 | @b0892631-4@dD924.304@e579@f4 | |
| 刑事案件立案追诉量刑标准:2013年版/公安部法制局编 .-北京:中国人民公安大学出版社,2013 |
| 20,823页;24cm.-(中国公安执法规范化建设丛书) |
| 国家出版基金项目 国家出版基金资助项目 |
| ISBN 978-7-5653-1312-7:CNY140.00 |
| 本书对刑法分则规定的451个罪名的立案追诉量刑标准进行了系统整理。 |
| ● |
| 相关链接 |
|
|
|
|
正题名:刑事案件立案追诉量刑标准
索取号:D924.304/579
 
预约/预借
| 序号 | 登录号 | 条形码 | 馆藏地/架位号 | 状态 | 备注 |
| 1 | 0892631 | 208926313 | 第一样本阅览室/ [索取号:D924.304/579] | 在馆 | |
| 2 | 0892632 | 208926322 | 第一借阅区/ [索取号:D924.304/579] | 在馆 | |
| 3 | 0892633 | 208926331 | 密集书库-史法系/ [索取号:D924.304/579] | 在馆 | |
| 4 | 0892634 | 208926340 | 第一借阅区/ [索取号:D924.304/579] | 在馆 |